[Event "Memorial Tal - Blitz"]
[Site "Mosca"]
[Date "05.03.2018"]
[Round "1B"]
[White "Nepomniachtchi,I"]
[Black "Andreikin,D"]
[Result "0-1"]
[WhiteElo "2751"]
[BlackElo "2712"]
[EventDate "2018.03.02"]

1. e4 c5 2. Nf3 e6 3. d4 cxd4 4. Nxd4 Nc6 5. Nc3 a6 6. Nxc6 bxc6 7. e5 Qc7
8. Bf4 Ne7 9. Bd3 Ng6 10. Bxg6 hxg6 11. O-O f5 12. Re1 c5 13. Qd3 Bb7 14.
Rad1 Rh4 15. Bg3 Qc6 16. f3 Rd4 17. Qe3 Be7 18. Bf4 Kf7 19. Ne2 Rxd1 20.
Rxd1 c4 21. c3 Bc5 22. Nd4 Qa4 23. Ra1 Rb8 24. Qd2 Bxd4+ 25. Qxd4 Bd5 26.
Qd2 Qb5 27. Rb1 Qa4 28. a3 Qb3 29. h3 Qa2 30. Qc1 Bc6 31. Kh2 Rb5 32. h4
Rd5 33. Ra1 Qb3 34. Bg3 Rd3 35. a4 Qb7 36. Qc2 Bxf3 37. gxf3 f4 38. Be1
Qxf3 39. Qg2 Qe3 40. Bf2 Qxe5 41. Re1 Qf5 42. Bd4 Rg3 43. Qxg3 fxg3+ 44.
Kxg3 d6 45. Be3 e5 46. Bg5 Qc2 47. Rf1+ Ke6 48. Rf2 Qxa4 49. Rd2 Qa1 50.
Re2 Qf1 51. Rf2 Qg1+ 52. Rg2 Qe1+ 53. Rf2 a5 54. Kg2 a4 55. Bd2 Qe4+ 56.
Kg3 d5 57. Bg5 d4 58. cxd4 exd4 0-1

[Event "Memorial Tal - Blitz"]
[Site "Mosca"]
[Date "05.03.2018"]
[Round "1B"]
[White "Mamedyarov,S"]
[Black "Dubov,Daniil"]
[Result "0-1"]
[WhiteElo "2809"]
[BlackElo "2701"]
[EventDate "2018.03.02"]

1. d4 Nf6 2. c4 c5 3. e3 e6 4. Nc3 d5 5. Nf3 a6 6. cxd5 exd5 7. Be2 Nc6 8.
O-O cxd4 9. exd4 Be7 10. Ne5 O-O 11. Nxc6 bxc6 12. Re1 Bd6 13. Bg5 Rb8 14.
Qc2 Qb6 15. Bxf6 gxf6 16. Na4 Qxd4 17. Qxc6 Qe5 18. g3 Bb4 19. Nc3 Bb7 20.
Qa4 Bc5 21. Bf3 Qf5 22. Kg2 d4 23. Ne4 d3 24. b4 Bxf2 25. Kxf2 Rbc8 26.
Rad1 Rc2+ 27. Ke3 Bxe4 28. Bxe4 Qf2+ 29. Kxd3 Rd8+ 0-1

[Event "Memorial Tal - Blitz"]
[Site "Mosca"]
[Date "05.03.2018"]
[Round "2B"]
[White "Nakamura,Hi"]
[Black "Dubov,Daniil"]
[Result "1/2-1/2"]
[WhiteElo "2787"]
[BlackElo "2701"]
[EventDate "2018.03.02"]

1. d4 Nf6 2. c4 c5 3. d5 b5 4. cxb5 a6 5. bxa6 e6 6. Nc3 exd5 7. Nxd5 Be7
8. e3 O-O 9. Ne2 Nxd5 10. Qxd5 Rxa6 11. Nc3 Rd6 12. Qf3 Nc6 13. Be2 Bb7 14.
O-O Qa8 15. e4 Nd4 16. Qh5 Bxe4 17. Nxe4 Qxe4 18. Bd1 Rg6 19. Qh3 Ne2+ 20.
Bxe2 Qxe2 21. a4 Bf6 22. Be3 c4 23. Qf5 Bxb2 24. Rad1 c3 25. Rxd7 Qc4 26.
Qb5 Rxg2+ 27. Kxg2 1/2-1/2

[Event "Memorial Tal - Blitz"]
[Site "Mosca"]
[Date "05.03.2018"]
[Round "2B"]
[White "Gelfand,B"]
[Black "Mamedyarov,S"]
[Result "0-1"]
[WhiteElo "2695"]
[BlackElo "2809"]
[EventDate "2018.03.02"]

1. Nf3 c5 2. c4 Nc6 3. d4 cxd4 4. Nxd4 Nf6 5. Nc3 e6 6. g3 Qb6 7. Nf3 Bb4
8. Bg2 O-O 9. O-O Bxc3 10. bxc3 Na5 11. Qa4 d6 12. Be3 Qc7 13. Nd4 a6 14.
c5 d5 15. Bf4 Qxc5 16. Nb3 Nxb3 17. Qxb3 b5 18. Be5 Bd7 19. Bxf6 gxf6 20.
e4 dxe4 21. Bxe4 Rac8 22. Rad1 Bc6 23. Bxc6 Rxc6 24. Rd3 Rfc8 25. Rfd1 Kg7
26. Qb2 Qf5 27. Qd2 Rc5 28. Qe3 Qe5 29. Qf3 Rxc3 30. Rxc3 Rxc3 31. Qa8 Qe2
32. Qd8 Rc2 33. Rf1 Rxa2 0-1

[Event "Memorial Tal - Blitz"]
[Site "Mosca"]
[Date "05.03.2018"]
[Round "2B"]
[White "Andreikin,D"]
[Black "Fedoseev,Vl3"]
[Result "1-0"]
[WhiteElo "2712"]
[BlackElo "2724"]
[EventDate "2018.03.02"]

1. Nf3 Nf6 2. b3 d6 3. d4 g6 4. Bb2 Bg7 5. g3 O-O 6. Bg2 e5 7. dxe5 dxe5 8.
Qxd8 Rxd8 9. Nxe5 Ng4 10. Nd3 Bxb2 11. Nxb2 Na6 12. Nc3 Nb4 13. Rc1 Bf5 14.
e4 Be6 15. a3 Nc6 16. h3 Nf6 17. f4 Nh5 18. f5 Nxg3 19. Rg1 Bd7 20. fxg6
Nh5 21. gxf7+ Kxf7 22. Nd5 Ne5 23. Ke2 c6 24. Rcf1+ Ke6 25. Nc7+ Kd6 26.
Nxa8 Ng3+ 27. Ke3 Nxf1+ 28. Bxf1 Rxa8 29. Rg7 Rf8 30. Nc4+ Nxc4+ 31. Bxc4
b5 32. Be2 Bxh3 33. Rxh7 Be6 34. Rxa7 Rh8 35. Bd3 Rh3+ 36. Kd2 Kc5 37. Kc3
Bg4 38. b4+ Kb6 39. Rg7 Be6 40. Rg6 Bf7 41. Rf6 Bg8 42. Kd4 Rh1 43. e5 Bd5
44. Rf1 Rh4+ 45. Kc3 Kc7 46. Rg1 Rh5 47. Rg7+ Kb6 48. Re7 Rh1 49. Bf5 Ra1
50. Bc8 c5 51. Rd7 Rxa3+ 52. Kb2 Ra2+ 53. Kb1 Bc4 54. e6 Ra8 55. e7 Bf7 56.
Rd8 Kc7 57. Be6 1-0

[Event "Memorial Tal - Blitz"]
[Site "Mosca"]
[Date "05.03.2018"]
[Round "2B"]
[White "Grischuk,A"]
[Black "Nepomniachtchi,I"]
[Result "1/2-1/2"]
[WhiteElo "2767"]
[BlackElo "2751"]
[EventDate "2018.03.02"]

1. e4 c5 2. Nc3 a6 3. Nge2 d6 4. g3 Nf6 5. Bg2 g6 6. d4 cxd4 7. Nxd4 Bg7 8.
h3 O-O 9. O-O Bd7 10. Be3 Nc6 11. Nde2 Rc8 12. b3 b5 13. Nd5 Be6 14. Qd2
Ne5 15. f4 Ned7 16. Nd4 Nc5 17. Nxe6 Nxe6 18. Rac1 Nc5 19. Nxf6+ Bxf6 20.
c4 b4 21. Rcd1 Bc3 22. Qc2 Qc7 23. h4 h5 24. Kh2 Nd7 25. Bh3 Rcd8 26. Bxd7
Rxd7 27. f5 Be5 28. Bf4 Bg7 29. Qd2 Qb7 30. e5 Qe4 31. fxg6 Qxg6 32. exd6
exd6 33. Qxb4 Re8 34. Qd2 Rde7 35. Rde1 Rxe1 36. Rxe1 Rxe1 37. Qxe1 Qc2+
38. Kh3 Be5 39. Qd2 Qb1 40. Bxe5 dxe5 41. Kh2 e4 42. Kg2 e3 43. Qxe3 Qxa2+
44. Kf3 Qc2 45. Kf4 a5 46. Ke5 a4 47. bxa4 Qxc4 48. Qg5+ Kf8 49. Qd8+ Kg7
50. Qd4 Qc7+ 51. Ke4+ Kg8 52. Kf3 Qc6+ 53. Qe4 Qc3+ 54. Kf4 Qc7+ 55. Kf3
Qc3+ 56. Kf2 Qd2+ 57. Kf3 Qc3+ 58. Kg2 Qb2+ 59. Kh3 Qa1 60. Kh2 Qa2+ 61.
Kg1 Qa1+ 62. Kf2 Qb2+ 63. Ke3 Qc3+ 64. Kf4 Qc7+ 65. Kf3 Qc3+ 66. Qe3 Qc6+
67. Kf2 Qc2+ 68. Qe2 Qxa4 69. Qxh5 Qd4+ 70. Kg2 Qd2+ 71. Kh3 Qe1 72. Qd5
Qf1+ 73. Qg2 Qf5+ 74. Kh2 Qg4 75. Qd2 Qf3 76. Qf4 Qe2+ 77. Kh3 Qc2 78. h5
Qd3 79. Kh4 Qb1 80. Kg5 Qb5+ 81. Qf5 Qc4 82. h6 Qc1+ 83. Qf4 Qc5+ 84. Kh4
Kh7 85. Qxf7+ Kxh6 86. Qe6+ Kg7 87. Qg4+ Kh6 88. Qf4+ Kg6 89. Qe4+ Kh6 90.
Qe6+ Kg7 91. Kg4 Qd4+ 92. Kh3 Qd3 93. Qe5+ Kg6 94. Qf4 Kg7 95. Kg4 Qe2+ 96.
Kf5 Qd3+ 97. Kg5 Qg6+ 98. Kh4 Qh6+ 1/2-1/2

[Event "Memorial Tal - Blitz"]
[Site "Mosca"]
[Date "05.03.2018"]
[Round "2B"]
[White "Artemiev,V"]
[Black "Svidler,P"]
[Result "1-0"]
[WhiteElo "2697"]
[BlackElo "2760"]
[EventDate "2018.03.02"]

1. d4 Nf6 2. Nf3 g6 3. Bg5 Bg7 4. Nbd2 c5 5. e3 cxd4 6. exd4 b6 7. Bd3 Bb7
8. O-O O-O 9. Re1 d6 10. Qe2 Re8 11. Ne4 Nbd7 12. Rad1 Bxe4 13. Bxe4 Nxe4
14. Qxe4 Nf6 15. Qd3 e6 16. c4 Qc7 17. Rc1 Qb7 18. b4 Rac8 19. Rc2 b5 20.
c5 Nd5 21. a3 h6 22. Bd2 Red8 23. Qb3 Ne7 24. Bf4 Nf5 25. g4 Nxd4 26. Nxd4
Bxd4 27. Bxd6 a6 28. Rd2 Bg7 29. Qe3 a5 30. Red1 axb4 31. axb4 Ra8 32. h3
Ra4 33. Bg3 Rxd2 34. Qxd2 Kh7 35. Qd7 Qf3 36. c6 Rxb4 37. c7 Bd4 38. Qxd4
Rxd4 39. Rxd4 1-0

[Event "Memorial Tal - Blitz"]
[Site "Mosca"]
[Date "05.03.2018"]
[Round "3B"]
[White "Anand,V"]
[Black "Nakamura,Hi"]
[Result "1/2-1/2"]
[WhiteElo "2776"]
[BlackElo "2787"]
[EventDate "2018.03.02"]

1. e4 c5 2. Nf3 d6 3. d4 cxd4 4. Nxd4 Nf6 5. Nc3 g6 6. Be3 Bg7 7. f3 O-O 8.
Qd2 Nc6 9. O-O-O d5 10. Qe1 e5 11. Nxc6 bxc6 12. exd5 Nxd5 13. Bc4 Be6 14.
Kb1 Rb8 15. Ne4 Qc7 16. Bc5 Rfd8 17. g4 h6 18. Bb3 a5 19. Rg1 Rd7 20. h4
Rbd8 21. a4 Nf4 22. Rxd7 Rxd7 23. Bxe6 Nxe6 24. Be3 c5 25. g5 h5 26. Qe2 c4
27. Rd1 Nd4 28. Qd2 Rd8 29. c3 Ne6 30. Qe2 Rxd1+ 31. Qxd1 Qc6 32. Ka2
1/2-1/2

[Event "Memorial Tal - Blitz"]
[Site "Mosca"]
[Date "05.03.2018"]
[Round "3B"]
[White "Svidler,P"]
[Black "Morozevich,A"]
[Result "1-0"]
[WhiteElo "2760"]
[BlackElo "2665"]
[EventDate "2018.03.02"]

1. Nf3 d5 2. g3 Nd7 3. Bg2 e5 4. d3 Ngf6 5. O-O c6 6. c4 dxc4 7. dxc4 Be7
8. Nc3 O-O 9. Qc2 Qc7 10. Rd1 Re8 11. a3 a5 12. Rb1 h6 13. h3 Nb6 14. b3 a4
15. Nxa4 Nxa4 16. bxa4 e4 17. Bf4 Qa5 18. Nd2 Qxa4 19. Rb3 Bf5 20. Be3 b5
21. cxb5 cxb5 22. Qc6 Be6 23. Rbb1 Nd5 24. Nxe4 Nxe3 25. fxe3 Qxa3 26. Rd3
Qa2 27. Nc3 Qc2 28. Qxb5 Rac8 29. Nd5 Bf8 30. Rb2 Qc1+ 31. Kh2 Qe1 32. Nc7
Re7 33. Nxe6 Rxe6 34. Qd7 Rc1 35. h4 Rf6 36. Qd5 Bd6 37. Qa8+ Kh7 38. Rxd6
Rxd6 39. Rb8 Qg1+ 40. Kh3 Qxe3 41. Be4+ g6 42. Rh8+ Kg7 43. Qf8+ Kf6 44.
Qxd6+ Kg7 45. Qf8+ Kf6 46. Qd8+ Kg7 47. Rg8+ Kh7 48. Bxg6+ fxg6 49. Rh8+
Kg7 50. Qf8+ 1-0

[Event "Memorial Tal - Blitz"]
[Site "Mosca"]
[Date "05.03.2018"]
[Round "3B"]
[White "Karjakin,Sergey"]
[Black "Artemiev,V"]
[Result "1-0"]
[WhiteElo "2763"]
[BlackElo "2697"]
[EventDate "2018.03.02"]

1. Nf3 d5 2. e3 g6 3. c4 c6 4. d4 Bg7 5. Nc3 Nf6 6. h3 O-O 7. Bd3 dxc4 8.
Bxc4 b5 9. Bd3 a5 10. O-O b4 11. Na4 Ba6 12. b3 Bb5 13. Bb2 Nbd7 14. Rc1
Rc8 15. Nc5 Qb6 16. a4 Bxd3 17. Qxd3 Nxc5 18. Rxc5 Nd7 19. Rc4 Qa6 20. Qc2
Rc7 21. Rc1 Rfc8 22. Qb1 Nb6 23. R4c2 Qd3 24. Qa2 Nd7 25. Rd2 Qa6 26. Rcd1
Qa8 27. Qa1 c5 28. dxc5 Bxb2 29. Qxb2 Nxc5 30. Ne5 Ne4 31. Rd4 Nc3 32. R1d3
Qa6 33. Nc4 f6 34. Rd8+ Rxd8 35. Rxd8+ Kg7 36. Qd2 Qa7 37. Qd3 Qc5 38. Ra8
Qc6 39. Qd8 Kh6 40. Qf8+ Kh5 41. Rxa5+ e5 42. g4+ Kg5 43. Nxe5 Ne2+ 44. Kh2
fxe5 45. Rxe5+ 1-0

[Event "Memorial Tal - Blitz"]
[Site "Mosca"]
[Date "05.03.2018"]
[Round "3B"]
[White "Nepomniachtchi,I"]
[Black "Kramnik,V"]
[Result "1/2-1/2"]
[WhiteElo "2751"]
[BlackElo "2800"]
[EventDate "2018.03.02"]

1. e4 e5 2. Nf3 Nc6 3. Bc4 Bc5 4. c3 Nf6 5. d3 O-O 6. O-O d6 7. a4 a6 8. h3
h6 9. Nbd2 Be6 10. b4 Ba7 11. Bxe6 fxe6 12. b5 axb5 13. axb5 Bxf2+ 14. Rxf2
Rxa1 15. bxc6 bxc6 16. Nf1 c5 17. c4 Nd7 18. Kh2 Nb8 19. Qc2 Nc6 20. Bb2
Ra2 21. Qb1 Qa8 22. Ng3 Nb4 23. Rd2 Qa4 24. Nh5 Rf7 25. Re2 Qb3 26. Ne1 Rf1
27. Nxg7 Kxg7 28. Bxe5+ dxe5 29. Qxb3 Rxe2 30. Qc3 Nc6 31. Qa3 Rexe1 32.
Qxc5 Nd8 33. Qxe5+ Kh7 34. Qxc7+ Nf7 35. c5 h5 36. Qe7 Rc1 37. d4 e5 38. d5
Kg6 39. d6 Ng5 40. Qe8+ Kh6 41. Qh8+ Kg6 42. Qg8+ Kh6 43. d7 Nf3+ 44. Kg3
h4+ 45. Kg4 Nh2+ 46. Kxh4 Rf4+ 47. g4 Nf3+ 48. Kg3 Rg1+ 49. Kf2 Rd1 50.
Qh8+ Kg6 51. Qg8+ Kh6 52. Qh8+ Kg6 53. Qg8+ 1/2-1/2

[Event "Memorial Tal - Blitz"]
[Site "Mosca"]
[Date "05.03.2018"]
[Round "3B"]
[White "Fedoseev,Vl3"]
[Black "Grischuk,A"]
[Result "0-1"]
[WhiteElo "2724"]
[BlackElo "2767"]
[EventDate "2018.03.02"]

1. e4 c5 2. Nf3 d6 3. d4 cxd4 4. Nxd4 Nf6 5. Nc3 a6 6. h3 e6 7. g4 Nfd7 8.
Bg2 Be7 9. Nce2 Nc6 10. c3 Nce5 11. O-O Ng6 12. f4 Nh4 13. Bh1 O-O 14. f5
e5 15. Nc2 b5 16. Be3 Bb7 17. Ng3 Rc8 18. Qd2 Nb6 19. b3 Qc7 20. f6 Bxf6
21. Rxf6 gxf6 22. Qf2 Nd7 23. Nh5 Ng6 24. Bh6 Nf4 25. Bxf4 exf4 26. Qxf4
Qxc3 27. Rf1 Qc5+ 28. Ne3 Qg5 29. Qf2 Rc3 30. Nf5 Rxh3 31. Bg2 Rc3 32. Qd4
Rc1 33. Qxd6 Rxf1+ 34. Kxf1 Qc1+ 35. Kf2 Qc5+ 36. Qxc5 Nxc5 37. Nxf6+ Kh8
38. Ke3 Rd8 39. Bf1 Bc8 40. Nd4 h6 41. Be2 Kg7 42. e5 Be6 43. Nh5+ Kf8 44.
Nf4 Re8 45. Nc2 Bc8 46. Kd4 Ne6+ 47. Nxe6+ Bxe6 48. Nb4 Rd8+ 49. Ke3 a5 50.
Nc6 Rd5 51. Bf3 Rc5 52. Nxa5 Rxe5+ 53. Kd4 Rg5 54. Nc6 Bxg4 55. Bh1 Bd7 56.
Ne5 Be8 57. Nd3 0-1

[Event "Memorial Tal - Blitz"]
[Site "Mosca"]
[Date "05.03.2018"]
[Round "3B"]
[White "Mamedyarov,S"]
[Black "Andreikin,D"]
[Result "0-1"]
[WhiteElo "2809"]
[BlackElo "2712"]
[EventDate "2018.03.02"]

1. d4 d5 2. c4 c6 3. cxd5 cxd5 4. Bg5 h6 5. Bh4 Qb6 6. Nc3 e5 7. Nf3 Nc6 8.
e3 exd4 9. Nxd4 Qxb2 10. Nxd5 Bb4+ 11. Nxb4 Qc3+ 12. Ke2 Qxb4 13. Rb1 Nxd4+
14. exd4 Qa5 15. Ke3 g5 16. Bb5+ Kf8 17. Bg3 Nf6 18. Bd6+ Kg8 19. f3 Bf5
20. Rb2 Qc3+ 0-1

[Event "Memorial Tal - Blitz"]
[Site "Mosca"]
[Date "05.03.2018"]
[Round "3B"]
[White "Dubov,Daniil"]
[Black "Gelfand,B"]
[Result "1/2-1/2"]
[WhiteElo "2701"]
[BlackElo "2695"]
[EventDate "2018.03.02"]

1. d4 Nf6 2. c4 e6 3. Nf3 d5 4. Bg5 Be7 5. Qc2 h6 6. Bxf6 Bxf6 7. Nc3 dxc4
8. e3 c5 9. Rd1 O-O 10. Bxc4 cxd4 11. exd4 Nc6 12. O-O Nxd4 13. Nxd4 Bxd4
14. Nb5 e5 15. Nxd4 exd4 16. Qe4 Qf6 17. Qxd4 Qxd4 18. Rxd4 Bf5 19. g4 Be6
20. Bxe6 fxe6 21. Rd7 Rf7 22. Rxf7 Kxf7 23. Rc1 Re8 24. f4 Re7 25. Kf2 Rd7
26. Ke3 Kf6 27. h4 e5 28. fxe5+ Kxe5 29. Rf1 Ke6 30. Ke4 1/2-1/2

[Event "Memorial Tal - Blitz"]
[Site "Mosca"]
[Date "05.03.2018"]
[Round "4B"]
[White "Nakamura,Hi"]
[Black "Gelfand,B"]
[Result "1-0"]
[WhiteElo "2787"]
[BlackElo "2695"]
[EventDate "2018.03.02"]

1. b3 e5 2. Bb2 Nc6 3. e3 g6 4. d4 exd4 5. Nf3 Bg7 6. Nxd4 Nxd4 7. Bxd4 Nf6
8. Be2 O-O 9. O-O d5 10. c4 dxc4 11. Bxc4 Qe7 12. Qc1 Rd8 13. Nd2 Bf5 14.
Re1 Ng4 15. h3 Ne5 16. Bf1 Qd6 17. Rd1 Nd3 18. Bxd3 Bxd4 19. Nc4 Bxe3 20.
Qxe3 Bxd3 1-0

[Event "Memorial Tal - Blitz"]
[Site "Mosca"]
[Date "05.03.2018"]
[Round "4B"]
[White "Andreikin,D"]
[Black "Dubov,Daniil"]
[Result "1/2-1/2"]
[WhiteElo "2712"]
[BlackElo "2701"]
[EventDate "2018.03.02"]

1. Nf3 c5 2. b3 b6 3. g3 g6 4. Bb2 Nf6 5. e4 d6 6. e5 dxe5 7. Nxe5 Nbd7 8.
Qf3 Rb8 9. Nc6 Bb7 10. Bxf6 Bxc6 11. Qxc6 exf6 12. Bb5 Rc8 13. Qd5 Be7 14.
Nc3 Rc7 15. Ba6 Nb8 16. Bb5+ Kf8 17. O-O Kg7 18. Rfe1 f5 19. Qf3 Bf6 20.
Nd5 Bxa1 21. Rxa1 Rc6 22. Re1 Re6 23. Qc3+ Kg8 24. Rxe6 fxe6 25. Nf4 Kf7
26. Bc4 Re8 27. Qe5 Qd7 28. Nxe6 Rxe6 29. Qxb8 Qxd2 30. Qxa7+ Kf6 31. Bxe6
Qe1+ 32. Kg2 Qe4+ 33. Kg1 Qe1+ 34. Kg2 Qe4+ 35. Kf1 Qh1+ 36. Ke2 Qe4+
1/2-1/2

[Event "Memorial Tal - Blitz"]
[Site "Mosca"]
[Date "05.03.2018"]
[Round "4B"]
[White "Grischuk,A"]
[Black "Mamedyarov,S"]
[Result "1/2-1/2"]
[WhiteElo "2767"]
[BlackElo "2809"]
[EventDate "2018.03.02"]

1. d4 Nf6 2. Nf3 g6 3. Nbd2 Bg7 4. e4 O-O 5. Bd3 d6 6. O-O c5 7. c3 Qc7 8.
h3 Nc6 9. d5 Ne5 10. Nxe5 dxe5 11. Re1 Ne8 12. a4 Nd6 13. Nc4 e6 14. Nxd6
Qxd6 15. Bc4 exd5 16. Bxd5 Rd8 17. Bg5 Bf6 18. Be3 Rb8 19. a5 Be6 20. c4
Bxd5 21. cxd5 b5 22. axb6 axb6 23. Ra6 Be7 24. Qb3 Qd7 25. Rxb6 Qa7 26.
Rxb8 Rxb8 27. Qc3 Qc7 28. Rc1 Bd6 29. Bxc5 Qxc5 30. Qxc5 Bxc5 31. Rxc5 Rxb2
32. Rc8+ Kg7 33. Re8 f6 34. Re7+ Kh6 35. d6 Rd2 36. d7 g5 37. Kf1 Kg6 38.
Ke1 Rd4 39. f3 h5 40. g3 g4 41. hxg4 hxg4 42. Ke2 gxf3+ 43. Kxf3 Rd3+ 44.
Ke2 Rd4 45. Ke3 Rd1 1/2-1/2

[Event "Memorial Tal - Blitz"]
[Site "Mosca"]
[Date "05.03.2018"]
[Round "4B"]
[White "Kramnik,V"]
[Black "Fedoseev,Vl3"]
[Result "1-0"]
[WhiteElo "2800"]
[BlackElo "2724"]
[EventDate "2018.03.02"]

1. Nf3 d5 2. g3 Nf6 3. Bg2 e6 4. O-O Be7 5. c4 O-O 6. b3 c5 7. cxd5 Nxd5 8.
Bb2 Nc6 9. Nc3 Nc7 10. Na4 b5 11. Nxc5 Bxc5 12. Rc1 Qd6 13. Qc2 Na6 14. d4
Ba3 15. Ng5 g6 16. Ne4 Qe7 17. Bxa3 Qxa3 18. Qxc6 Rb8 19. Qd6 Qxd6 20. Nxd6
Nb4 21. a3 Nd5 22. e4 1-0

[Event "Memorial Tal - Blitz"]
[Site "Mosca"]
[Date "05.03.2018"]
[Round "4B"]
[White "Artemiev,V"]
[Black "Nepomniachtchi,I"]
[Result "1/2-1/2"]
[WhiteElo "2697"]
[BlackElo "2751"]
[EventDate "2018.03.02"]

1. e4 c5 2. Nf3 d6 3. Bc4 Nf6 4. d3 e6 5. O-O Be7 6. Re1 O-O 7. c3 Nc6 8.
Bb3 e5 9. Nbd2 b5 10. a4 b4 11. Nc4 Rb8 12. Bg5 Be6 13. Rb1 Nd7 14. Bxe7
Qxe7 15. Nfd2 Nf6 16. a5 Qc7 17. Ra1 Rfd8 18. Qc2 h6 19. a6 Ne7 20. Ne3
Bxb3 21. Nxb3 bxc3 22. bxc3 d5 23. Nd2 Qd7 24. Nf3 Nc6 25. Qa4 d4 26. cxd4
exd4 27. Nc4 Nb4 28. Qxd7 Nxd7 29. Red1 Re8 30. Ne1 Re6 31. Ra5 Rc8 32. f4
Nb6 33. Nd2 c4 34. dxc4 Nxc4 35. Rc1 Rec6 36. Nxc4 Rxc4 37. Rxc4 Rxc4 38.
Ra4 Rc1 39. Rxb4 Rxe1+ 40. Kf2 Rxe4 41. Rb8+ Kh7 42. Rb7 d3 43. Rxa7 d2 44.
Rd7 Rxf4+ 45. Ke2 Ra4 46. Rxf7 Rxa6 47. Rd7 Re6+ 48. Kf2 Rf6+ 49. Kg3
1/2-1/2

[Event "Memorial Tal - Blitz"]
[Site "Mosca"]
[Date "05.03.2018"]
[Round "4B"]
[White "Morozevich,A"]
[Black "Karjakin,Sergey"]
[Result "0-1"]
[WhiteElo "2665"]
[BlackElo "2763"]
[EventDate "2018.03.02"]

1. d4 Nf6 2. c4 e6 3. Nc3 Bb4 4. Qc2 d5 5. cxd5 Qxd5 6. Nf3 Qf5 7. Qb3 Nc6
8. Bd2 O-O 9. h3 a5 10. g4 Qg6 11. a3 a4 12. Qc4 Bxc3 13. Bxc3 Nd5 14. Rc1
f6 15. Rg1 Bd7 16. g5 Kh8 17. Bd2 Na5 18. Qc2 Qh5 19. gxf6 gxf6 20. Bxa5
Rxa5 21. Rg3 Bc6 22. Qd2 Raa8 23. Rc5 Rg8 24. Rxg8+ Rxg8 25. Nh2 Qf5 26.
Ng4 Qb1+ 27. Rc1 Qg6 28. f3 f5 29. Ne5 Qg3+ 30. Kd1 f4 31. Kc2 Be8 32. Kb1
Qf2 33. h4 Qxh4 34. Ka2 Rg1 35. Qa5 Qe7 36. Nd3 Bc6 37. Bh3 Rxc1 38. Nxc1
e5 39. dxe5 Qxe5 40. Qc5 Kg7 41. Qg1+ Kf7 42. Qh2 h5 43. Nd3 Qg5 44. Qf2
Ne3 45. Qh2 Qg3 46. Qh1 Bb5 47. Nc5 Qg5 48. Ne4 Qd5+ 49. Ka1 Bxe2 50. Nc3
Qxf3 51. Qh2 Bc4 52. Nb1 Qg3 53. Qh1 Nc2+ 0-1

[Event "Memorial Tal - Blitz"]
[Site "Mosca"]
[Date "05.03.2018"]
[Round "4B"]
[White "Anand,V"]
[Black "Svidler,P"]
[Result "1/2-1/2"]
[WhiteElo "2776"]
[BlackElo "2760"]
[EventDate "2018.03.02"]

1. e4 e5 2. Nf3 Nc6 3. Bb5 a6 4. Ba4 Nf6 5. O-O Be7 6. d3 d6 7. c3 O-O 8.
Re1 b5 9. Bc2 d5 10. Nbd2 d4 11. Nb3 dxc3 12. bxc3 a5 13. a4 b4 14. Bd2 Bg4
15. h3 Bxf3 16. Qxf3 bxc3 17. Bxc3 Bb4 18. Bxb4 Nxb4 19. Rec1 Qd6 20. Bb1
Rfd8 21. Qe3 Nd7 22. Nd2 Nf8 23. Nc4 Qe7 24. Ra3 Ne6 25. Rac3 Nd4 26. Nd2
c6 27. Nf3 Nxf3+ 28. Qxf3 Rd4 29. Qe2 g6 30. Ba2 1/2-1/2

[Event "Memorial Tal - Blitz"]
[Site "Mosca"]
[Date "05.03.2018"]
[Round "5B"]
[White "Svidler,P"]
[Black "Nakamura,Hi"]
[Result "1/2-1/2"]
[WhiteElo "2760"]
[BlackElo "2787"]
[EventDate "2018.03.02"]

1. Nf3 d5 2. g3 g6 3. Bg2 Bg7 4. d4 Nd7 5. O-O Ngf6 6. a4 a5 7. Nc3 O-O 8.
Re1 c5 9. Be3 b6 10. Ne5 Bb7 11. Nxd7 Qxd7 12. dxc5 e5 13. Bg5 d4 14. Bxf6
Bxg2 15. Bxg7 Kxg7 16. Kxg2 Qc6+ 17. e4 dxc3 18. Qd5 Qf6 19. cxb6 Rfd8 20.
b7 Rab8 21. Qb5 Rd2 22. Rf1 Qe7 23. Qxa5 Rxc2 24. bxc3 Rxb7 25. Rab1 Ra7
26. Qb4 Qxb4 27. cxb4 Rxa4 28. b5 Raa2 29. b6 1/2-1/2

[Event "Memorial Tal - Blitz"]
[Site "Mosca"]
[Date "05.03.2018"]
[Round "5B"]
[White "Karjakin,Sergey"]
[Black "Anand,V"]
[Result "1/2-1/2"]
[WhiteElo "2763"]
[BlackElo "2776"]
[EventDate "2018.03.02"]

1. e4 e5 2. Nf3 Nc6 3. Bc4 Bc5 4. c3 Nf6 5. d3 d6 6. O-O h6 7. Re1 O-O 8.
h3 a6 9. a4 Re8 10. b4 Ba7 11. Nbd2 Be6 12. Bxe6 Rxe6 13. Qc2 Qd7 14. Nf1
Ne7 15. Ng3 Ng6 16. c4 c6 17. a5 d5 18. Be3 Bxe3 19. fxe3 dxe4 20. dxe4 c5
21. bxc5 Qc7 22. Qc3 Rc6 23. Reb1 Nd7 24. Rd1 Rxc5 25. Qb4 Ngf8 26. Nf5
Rxc4 27. Qe7 Rc6 28. Nd6 Nf6 29. Qxc7 Rxc7 30. Nxe5 Re7 31. Nexf7 Rxf7 32.
Nxf7 Kxf7 33. Rab1 Rb8 34. Rd6 N6d7 35. e5 Ke7 36. Kf2 Ne6 37. Ke2 Ndc5 38.
Rb4 Rf8 39. g4 h5 40. gxh5 Rh8 41. Rd5 Rxh5 42. Rc4 Nd7 43. Rb4 Ndc5 44.
Rc4 Nd7 45. Rb4 1/2-1/2

[Event "Memorial Tal - Blitz"]
[Site "Mosca"]
[Date "05.03.2018"]
[Round "5B"]
[White "Nepomniachtchi,I"]
[Black "Morozevich,A"]
[Result "1-0"]
[WhiteElo "2751"]
[BlackElo "2665"]
[EventDate "2018.03.02"]

1. e4 e6 2. d4 d5 3. Nc3 Nf6 4. e5 Nfd7 5. f4 c5 6. Nf3 Qb6 7. Be3 a6 8. a3
Nc6 9. Na4 Qa5+ 10. c3 c4 11. Be2 Be7 12. O-O O-O 13. b4 cxb3 14. Qxb3 Qc7
15. Bd3 f5 16. exf6 Nxf6 17. Nb6 Rb8 18. Ne5 Bd6 19. Rf3 Qe7 20. Raf1 Bc7
21. Nxc8 Rfxc8 22. Bf2 Ne4 23. Bxe4 dxe4 24. Bh4 Qe8 25. Re3 Na5 26. Qa2
Bxe5 27. fxe5 b5 28. Be1 Qc6 29. Qe2 Rf8 30. Rxf8+ Rxf8 31. Rxe4 Nc4 32.
Rh4 Nxa3 33. Qh5 h6 34. Rg4 Qc4 35. h3 Qf1+ 36. Kh2 Qf5 37. Qh4 Nc4 38. Bg3
Rf7 39. Bf4 Kh7 40. Qd8 a5 41. Bxh6 Qxg4 42. hxg4 gxh6 43. Qe8 Ra7 44. Qxb5
Ne3 45. Qd3+ 1-0

[Event "Memorial Tal - Blitz"]
[Site "Mosca"]
[Date "05.03.2018"]
[Round "5B"]
[White "Fedoseev,Vl3"]
[Black "Artemiev,V"]
[Result "1-0"]
[WhiteElo "2724"]
[BlackElo "2697"]
[EventDate "2018.03.02"]

1. d4 Nf6 2. c4 c6 3. Nc3 d5 4. Nf3 a6 5. e3 g6 6. Bd3 Bg7 7. O-O O-O 8. h3
b5 9. b3 Nbd7 10. Bb2 bxc4 11. bxc4 dxc4 12. Bxc4 c5 13. Rb1 cxd4 14. Nxd4
Ne5 15. Be2 Bb7 16. Na4 Qd5 17. f3 Rad8 18. Ba3 Bh6 19. Rb3 Rfe8 20. Nc5
Ba8 21. Nxa6 Nc4 22. Nc7 Qe5 23. Bxc4 Bxe3+ 24. Kh1 Qxc7 25. Qc2 Bf4 26.
Ne2 Rc8 27. Rc3 Be5 28. Bxf7+ Kxf7 29. Rxc7 Rxc7 30. Qd2 Rd7 31. Qe3 Bb8
32. Rb1 Bd5 33. Nc3 Bc4 34. Ne4 Rd3 35. Qc5 Bxa2 36. Ra1 Nxe4 37. fxe4 Be6
38. Rf1+ Kg8 39. Bb2 Bd6 40. Qc2 Rb3 41. Ba1 Rf8 42. Rd1 Rfb8 43. Rf1 Rf8
44. Rd1 Rc8 45. Qd2 Rb4 46. Qh6 Kf7 47. Qxh7+ Ke8 48. Qxg6+ Bf7 49. Qf5
Rcb8 50. e5 R4b5 51. Rf1 Bc4 52. Qg6+ Kd7 53. Rd1 Be2 54. Re1 Rb1 55. Rxb1
1-0

[Event "Memorial Tal - Blitz"]
[Site "Mosca"]
[Date "05.03.2018"]
[Round "5B"]
[White "Mamedyarov,S"]
[Black "Kramnik,V"]
[Result "0-1"]
[WhiteElo "2809"]
[BlackElo "2800"]
[EventDate "2018.03.02"]

1. d4 d5 2. c4 e6 3. Nc3 Nf6 4. cxd5 exd5 5. Bg5 c6 6. e3 Bd6 7. Bd3 O-O 8.
Nge2 Re8 9. Qc2 h6 10. Bh4 Nbd7 11. g4 Nf8 12. h3 b5 13. Rg1 Ne6 14. f4
Bxf4 15. Bh7+ Kh8 16. exf4 Nxd4 17. Qd3 Nxe2 18. Nxe2 Qa5+ 19. Qd2 Qxd2+
20. Kxd2 Nxh7 21. Rac1 Bd7 22. Nd4 Re4 23. Nxc6 Bxc6 24. Rxc6 Rxf4 25. Rc5
Rf3 26. Rc3 Rxc3 27. bxc3 Ng5 28. Bxg5 hxg5 29. Rf1 f6 30. Rf5 Rd8 31. Kd3
Kg8 32. Kd4 Kf7 33. Kc5 Rc8+ 34. Kb4 Rc4+ 35. Kxb5 Rxc3 36. a4 Ke6 37. Ka6
Rxh3 38. a5 Ra3 39. Rf1 d4 40. Re1+ Kd6 41. Re8 d3 42. Rg8 Ke5 43. Rxg7 d2
44. Rd7 Ra2 45. Kb5 0-1

[Event "Memorial Tal - Blitz"]
[Site "Mosca"]
[Date "05.03.2018"]
[Round "5B"]
[White "Dubov,Daniil"]
[Black "Grischuk,A"]
[Result "0-1"]
[WhiteElo "2701"]
[BlackElo "2767"]
[EventDate "2018.03.02"]

1. c4 Nf6 2. Nc3 c5 3. g3 e6 4. Nf3 b6 5. Bg2 Bb7 6. O-O Be7 7. d3 O-O 8.
e4 d6 9. Re1 a6 10. b3 Nbd7 11. d4 cxd4 12. Nxd4 Qc7 13. Bb2 Rfe8 14. Rc1
Rac8 15. h3 Qb8 16. Qe2 Bf8 17. Rcd1 Ba8 18. Kh2 h6 19. f4 Nh7 20. e5 Bxg2
21. Kxg2 dxe5 22. fxe5 Qb7+ 23. Kh2 f6 24. Qf3 Qxf3 25. Nxf3 Nxe5 26. Nxe5
fxe5 27. Rxe5 Ng5 28. Kg2 Red8 29. Rxd8 Rxd8 30. h4 Rd2+ 31. Re2 Rxe2+ 32.
Nxe2 Ne4 33. Kf3 Nc5 34. Nf4 Kf7 35. h5 Bd6 36. Bd4 Bxf4 37. Kxf4 Nd7 38.
g4 g6 39. Ke4 gxh5 40. gxh5 Ke7 41. b4 Kf7 42. c5 bxc5 43. bxc5 Nb8 44. Be3
Nd7 45. c6 Nf6+ 46. Ke5 Ng4+ 47. Kd4 Nxe3 48. c7 Nf5+ 0-1